000
00234 a2200097 4500
090
_c
3847
_d
3847
100
_a
Nick Vandome
245
_a
Flash in Easy Steps
260
_a
Dreamtech Press
_b
New Delhi
_c
2000
942
_a
NBS
_c
BK
_k
005.13 VAN
999
_c
346310
_d
346310